00381nam a2200157Ia 4500001000500000005001700005008004100022041000800063082001500071100002900086245005500115260000900170300002800179650000800207654000800215860320260306160621.0260306t2008||||xx |||||||||||||| ||spa|| aESP a371.2bF63 aFlores Opazo, PedroeAUT 0aLa revolución del aprendizaje:bel docente Coach c2008 a173 páginas :c24 cm. aGEN aCED